| 000 | 00923cam a2200145ua 4500 | ||
|---|---|---|---|
| 041 |
_aeng _h |
||
| 082 |
_a624.151 _bIND/CO |
||
| 110 | 1 |
_aIndian standards institution . _bISI _c() |
|
| 245 |
_aCode of practice for determination of bearing capacity of shallow Fundatings,IS:6403-1981 / _cIndian standards institution. _hTextual Documents |
||
| 260 |
_a : _bISI , _c1981. |
||
| 300 | _a16 ; . | ||
| 504 | _a | ||
| 942 | _cBK | ||
| 999 |
_c4281 _d4281 |
||